000 01629nam a22002897i 4500
003 EG-ScBUE
005 20260503090328.0
008 220731s2003 xx frbd 000 0 ara d
040 _aEG-ScBUE
_bara
_erda
_cEG-ScBUE
_dEG-ScBUE
041 0 _aara
_aeng
_afre
082 0 4 _a549.1203
_bو هـ ا
_222
100 1 _aعبد الوهاب، حافظ شمس الدين،
_eمؤلف.
245 1 0 _aمعجم مصطلحات في علم المعادن :
_b(إنجليزي-فرنسي-عربي) = Dictionary in mineralogy terms : (English-French-Arabic) /
_cإعداد وصياغة الدكتور حافظ شمس الدين عبد الوهاب، أستاذ علم المعادن والصخور، كلية العلوم، جامعة عين شمس ج. م. ع، زميل جامعة بنسلفانيا بأمريكا.
246 3 1 _aDictionary in mineralogy terms :
_b(English-French-Arabic)
264 1 _a[مكان النشر غير محدد] :
_bجامعة الدول العربية، المنظمة العربية للتربية والثقافة والعلوم، مكتب تنسيق التعريب،
_c2003.
300 _a190 صفحة ؛
_c24 سم
336 _2rdacontent
_aنص
_btxt
337 _2rdamedia
_aبدون وسيط
_bn
338 _2rdacarrier
_aمجلد
_bnc
504 _aيشتمل على إرجاعات ببليوجرافية.
541 _cإهداء ؛
_aحافظ شمس الدين.
546 _aالنص باللغات العربية، والإنجليزية، والفرنسية.
650 7 _a‪المعادن، علم
_vمعاجم.
_2BUEsh
653 _bENGGEN
_cDecember2022
655 _vReading book
942 _2ddc
999 _c30076
_d30047